LEADER 01058nam a2200253 i 4500 001 000000059071 003 CaOOAMICUS 005 20120515000000.0 008 120515s1996 it u000 u ita u 013 $a30243 020 $a88-384-2530-2 040 $aSeMil$bita 100 1 $aBaldacci, Massimo <1951->.$0(OLS)http://semarc/name/30143 245 13$aLa scoperta di Ugarit :$bla città-stato ai primordi della Bibbia /$cMassimo Baldacci. 260 $aCasale Monferrato :$bPiemme,$c1996. 300 $a414 p., [32] p. di tav. ;$c24 cm. 500 $aDono di mons. Antonio Rimoldi. 650 4$aArcheologia.$0(OLS)http://semarc/subject/922 850 $aSeMil 852 $aSeMil$W1$xVenegono$y1$m3S V 244$j25224$B25224$CSeMilBibl$Z2$F25227 $81 961 $aOmaggio: Rimoldi mons. Antonio 996 $6020$a88-384-2530-2$9(OLS)http://semarc/number/34859 996 $6245$aLa scoperta di Ugarit :$bla città-stato ai primordi della Bibbia$9(OLS)http://semarc/title/92226 996 $6260$aCasale Monferrato :$bPiemme$9(OLS)http://semarc/publisher/29798 LEADER 01166nam a2200277 i 4500 001 000000072402 003 CaOOAMICUS 005 20090319000000.0 008 090319s1950 it u000 u ita u 013 $a43574 040 $aSeMil$bita 100 1 $aMoeller, Charles,$d<1912-1986>.$0(OLS)http://semarc/name/1589 240 10$aHumanisme et sainteté.$0(OLS)http://semarc/title/116694 245 10$aUmanesimo e santità /$cCharles Moeller ; [trad. dal francese di Mario Pasini]. 260 $aBrescia :$bMorcelliana,$c1950. 300 $a214 p. ;$c20 cm. 490 0 $aProblemi e opinioni 650 4$aReligione e cultura.$0(OLS)http://semarc/subject/6000 650 4$aUmanesimo.$0(OLS)http://semarc/subject/4164 650 4$aSantità - Studi.$0(OLS)http://semarc/subject/822 700 1 $aPasini, Mario.$0(OLS)http://semarc/name/35848 830 0$aProblemi e opinioni.$0(OLS)http://semarc/title/6313 850 $aSeMil 852 $aSeMil$W1$xVenegono$y1$m2Q I 239$j38555$B38555$CSeMilBibl$Z2$F38558 $81 996 $6245$aUmanesimo e santità$9(OLS)http://semarc/title/116693 996 $6260$aBrescia :$bMorcelliana$9(OLS)http://semarc/publisher/29629